Online
Catalog

Me levanto y digo : (Record no. 14279)

MARC details
000 -CABECERA
campo de control de longitud fija 01005cam a2200325 a 4500
001 - NÚMERO DE CONTROL
campo de control 000014696
005 - FECHA Y HORA DE LA ÚLTIMA TRANSACCIÓN
campo de control 20200929163904.0
008 - DATOS DE LONGITUD FIJA--INFORMACIÓN GENERAL
campo de control de longitud fija 910401s1994 ec a 000 0cspa
020 ## - NÚMERO INTERNACIONAL ESTÁNDAR DEL LIBRO
Número Internacional Estándar del Libro 9978870393 (para la obra)
020 ## - NÚMERO INTERNACIONAL ESTÁNDAR DEL LIBRO
Número Internacional Estándar del Libro 9978870245 (para la colección)
035 ## - NÚMERO DE CONTROL DEL SISTEMA
Número de control de sistema (DLC) 91135848
040 ## - FUENTE DE LA CATALOGACIÓN
Centro catalogador/agencia de origen DO-SdBNP
Lengua de catalogación spa
Centro/agencia transcriptor BNPHU
Centro/agencia modificador DLC
041 17 - CÓDIGO DE LENGUA
Código de lengua del texto/banda sonora o título independiente spa
-- que
Fuente del código Código de idioma MARC
050 00 - SIGNATURA TOPOGRÁFICA DE LA BIBLIOTECA DEL CONGRESO
Número de clasificación F2230.2.K4
Número de documento/Ítem H37 1990
082 ## - NÚMERO DE LA CLASIFICACIÓN DECIMAL DEWEY
Número de clasificación nn
Número de documento/Ítem B938m, 1994
049 ## - FONDOS LOCALES (OCLC)
Fondos de biblioteca BNGR
100 1# - ENTRADA PRINCIPAL--NOMBRE DE PERSONA
Nombre de persona Bulnes, Martha
9 (RLIN) 33318
245 10 - MENCIÓN DE TÍTULO
Título Me levanto y digo :
Resto del título testimonio de tres mujeres quichuas /
Mención de responsabilidad, etc. Martha Bulnes.
246 10 - FORMA VARIANTE DE TÍTULO
Título propio/Titulo breve Hatarishpa ninimi
250 ## - MENCIÓN DE EDICIÓN
Mención de edición 3a ed.
260 ## - PUBLICACIÓN, DISTRIBUCIÓN, ETC.
Lugar de publicación, distribución, etc. Quito, Ecuador :
Nombre del editor, distribuidor, etc. El Conejo,
Fecha de publicación, distribución, etc. 1994.
300 ## - DESCRIPCIÓN FÍSICA
Extensión 152 p. :
Otras características físicas il. ;
Dimensiones 21 cm.
490 1# - MENCIÓN DE SERIE
Mención de serie Ecuador/testimonio
500 ## - NOTA GENERAL
Nota general Quechua and Spanish.
500 ## - NOTA GENERAL
Nota general Cover title.
650 #0 - PUNTO DE ACCESO ADICIONAL DE MATERIA--TÉRMINO DE MATERIA
Término de materia o nombre geográfico como elemento de entrada Quechua women
Subdivisión general Biography.
9 (RLIN) 33319
740 0# - PUNTO DE ACCESO ADICIONAL--TÍTULO RELACIONADO O ANALÍTICO NO CONTROLADO
Título relacionado o analítico no controlado Me levanto y digo.
830 #0 - PUNTO DE ACCESO ADICIONAL DE SERIE-TÍTULO UNIFORME
Título uniforme Ecuador/testimonio
9 (RLIN) 33320
910 ## - DATOS DE OPCIÓN DEL USUARIO (OCLC)
Datos de opción del usuario Catalogación derivada
Holdings
Estado de retiro Estado de pérdida Restricciones de uso No para préstamo Código de colección Localización permanente Ubicación/localización actual Ubicación en estantería Fecha de adquisición Número de inventario Total de préstamos Signatura topográfica completa Código de barras Fecha visto por última vez Precio válido a partir de Tipo de ítem Koha
      Excluido de préstamo Monografías: Libros y Folletos General General En catalogación 18.01.2010 LF1   nn B938m, 1994 14696-10 25.06.2020 25.06.2020 No se presta

Powered by Koha